书目信息 |
| 题名: |
谈判与冲突化解
|
|
| 作者: | ;北京新华信商业风险管理公司 译校 | |
| 分册: | ||
| 出版信息: | 北京 中国人民大学出版社 2004 |
|
| 页数: | 207页 | |
| 开本: | 21cm | |
| 丛书名: | 《哈佛商业评论》精粹译丛 | |
| 单 册: | ||
| 中图分类: | C912.2 | |
| 科图分类: | ||
| 主题词: | 贸易谈判 , 贸易谈判--方法 | |
| 电子资源: | ||
| ISBN: | 7-300-05824-8 | |
| 000 | 01303nam0 2200325 450 | |
| 000 | 01319nam0 2200325 450 | |
| 000 | 01250nam0 2200301 450 | |
| 000 | 01214nam0 2200289 45 | |
| 005 | 20070722185430.96 | |
| 010 | @a7-300-05824-8@b精装@dCNY24.00 | |
| 100 | @a20070627d2004 em y0chiy0120 ea | |
| 101 | 2 | @achi@aeng |
| 102 | @aCN@b110000 | |
| 105 | @ay z 000yy | |
| 200 | 1 | @a谈判与冲突化解@ATan Pan Yu Chong Tu Hua Jie@f北京新华信商业风险管理有限责任公司译校@FBei Jing Xin Hua Xin Shang Ye Feng Xian Guan Li You Xian Ze Ren Gong Si Yi Xiao |
| 210 | @a北京@c中国人民大学出版社@d2004 | |
| 215 | @a207页@d21cm | |
| 225 | 2 | @a《哈佛商业评论》精粹译丛 |
| 305 | @a哈佛商学院授权出版 | |
| 308 | @a丛书原题:哈佛商业评论精粹译丛第三辑 | |
| 330 | @a本文集对于全球化背景下跨国企业内部及企业间矛盾的解决进行了探讨,涉及产生分歧的原因、企业主要矛盾、在法律手段以外解决争端的方案等。 | |
| 410 | 0 | @12001 @a《哈佛商业评论》精粹译丛 |
| 500 | 0 | @a谈判与冲突化解 |
| 510 | 1 | @aHarvard Business Review on Negotiation and Conflict Resolution@zeng |
| 606 | 0 | @a贸易谈判 |
| 606 | 0 | @a贸易谈判@x方法 |
| 690 | @aC912.2@v4 | |
| 711 | 02 | @a北京新华信商业风险管理公司@ABei Jing Xin Hua Xin Shang Ye Feng Xian Guan Li Gong Si@4译校 |
| 801 | 0 | @aCN@bTAOJIN@c20070722 |
| 905 | @a10447@dC912.2@e575 | |
| 谈判与冲突化解/北京新华信商业风险管理有限责任公司译校.-北京:中国人民大学出版社,2004 |
| 207页;21cm.-(《哈佛商业评论》精粹译丛) |
| ISBN 7-300-05824-8(精装):CNY24.00 |
| 本文集对于全球化背景下跨国企业内部及企业间矛盾的解决进行了探讨,涉及产生分歧的原因、企业主要矛盾、在法律手段以外解决争端的方案等。 |
| ● |
| 相关链接 |
|
|
|
|
正题名:谈判与冲突化解
索取号:C912.2/575
 
预约/预借
| 序号 | 登录号 | 条形码 | 馆藏地/架位号 | 状态 | 备注 |
| 1 | 0823478 | 208234784 | 第一样本阅览室/ [索取号:C912.2/575] | 在馆 | |
| 2 | 0823479 | 208234793 | 第一借阅区/ [索取号:C912.2/575] | 在馆 | |
| 3 | 0823480 | 208234800 | 第一借阅区/ [索取号:C912.2/575] | 在馆 | |
| 4 | 0823481 | 208234819 | 密集书库/ [索取号:C912.2/575] | 在馆 | |
| 5 | 0823482 | 208234828 | 密集书库/ [索取号:C912.2/575] | 在馆 | |
| 6 | 0823483 | 208234837 | 第一借阅区/ [索取号:C912.2/575] | 在馆 | |
| 7 | 0823484 | 208234846 | 第一借阅区/ [索取号:C912.2/575] | 在馆 | |
| 8 | 0823485 | 208234855 | 密集书库/ [索取号:C912.2/575] | 在馆 |